Scale of professional charges for quantity surveying services (Record no. 112555)

MARC details
000 -LEADER
fixed length control field 00635cam a22001935a 4500
001 - CONTROL NUMBER
control field E153500
008 - FIXED-LENGTH DATA ELEMENTS--GENERAL INFORMATION
fixed length control field 110802s1958 xxk f 000 0 eng d
035 ## - SYSTEM CONTROL NUMBER
System control number (Sirsi) u153500
041 0# - LANGUAGE CODE
Language code of text/sound track or separate title eng
110 2# - MAIN ENTRY--CORPORATE NAME
Corporate name or jurisdiction name as entry element Royal Institution of Chartered Surveyors
9 (RLIN) 4900
245 00 - TITLE STATEMENT
Title Scale of professional charges for quantity surveying services
250 ## - EDITION STATEMENT
Edition statement Reprinted with amendments April 1958
260 ## - PUBLICATION, DISTRIBUTION, ETC.
Place of publication, distribution, etc. London
Name of publisher, distributor, etc. RICS
Date of publication, distribution, etc. 1958
300 ## - PHYSICAL DESCRIPTION
Extent 9p.
Dimensions 12cm.
520 ## - SUMMARY, ETC.
Summary, etc. This scale is also reproduced as Scale no. 36 in the RICS Scales of Professional Charges 1958 edition.
651 #4 - SUBJECT ADDED ENTRY--GEOGRAPHIC NAME
Geographic name United Kingdom
Chronological subdivision
690 ## - LOCAL SUBJECT ADDED ENTRY--TOPICAL TERM (OCLC, RLIN)
Topical term or geographic name as entry element ABOUT RICS
942 ## - ADDED ENTRY ELEMENTS (KOHA)
Suppress in OPAC 0
Holdings
Withdrawn status Lost status Source of classification or shelving scheme Damaged status Not for loan Home library Current library Shelving location Date acquired Total Checkouts Full call number Barcode Date last seen Copy number Price effective from Koha item type
    Dewey Decimal Classification     Historic collection Historic collection RICS Boxes 02/08/2011   RICS 1958 30077001 06/08/2019 1 06/08/2019 Archive